[Event "POHÁR města Říčany 2024"]
[Site "Městské kulturní středisko U labutě"]
[Date "2024.07.06"]
[Round "9.15"]
[White "Jakubse, Tamae Severina"]
[Black "Petrasek, Jiri"]
[Result "1-0"]
[WhiteElo "1935"]
[BlackElo "1788"]
[WhiteFideId "23745975"]
[BlackFideId "23735880"]
[PlyCount "0"]
[EventDate "2024.06.29"]

1. e4 e5 2. Nf3 Nf6 3. d4 Nxe4 4. Bd3 d5 5. Nxe5 Nd7 6. Nxd7 Bxd7 7. Qf3 Qh4
8. Bf4 O-O-O 9. Nd2 Nxd2 10. Kxd2 Be6 11. Qe3 h6 12. g3 Qe7 13. Rae1 Qb4+
14. Kc1 Re8 15. c3 Qe7 16. Bb5 Rd8 17. h4 a6 18. Ba4 b5 19. Bb3 Qd7 20. Be5 f6
21. Bxf6 gxf6 22. Qxe6 Qxe6 23. Rxe6 Kb7 24. Rxf6 Bg7 25. Rf7 Bf8 26. Re1 Kb6
27. Re6+ Kb7 28. Rf5 Bd6 29. Bxd5+ Ka7 30. Bb3 Rdf8 31. Rff6 h5 32. a4 Kb7
33. axb5 axb5 34. Bd5+ Kb6 35. Bf3 Ka5 36. b3 Ba3+ 37. Kc2 Bd6 38. c4 bxc4
39. bxc4 Kb4 40. c5 Be7 41. Rxf8 Rxf8 42. Re3 Bf6 43. Kd3 Bg7 44. Bxh5 Rxf2
45. Re7 Bh6 46. Rxc7 Rd2+ 47. Ke4 Kc4 48. Bf7+ Kc3 49. d5 Re2+ 50. Kf5 Kd4
51. d6 Rf2+ 52. Ke6 Bf8 53. d7 Be7 54. Rc8 Rf5 55. d8=Q+ Bxd8 56. Rxd8+ Kxc5
57. g4 Rf4 1-0

[Event "POHÁR města Říčany 2024"]
[Site "Městské kulturní středisko U labutě"]
[Date "2024.07.06"]
[Round "9.16"]
[White "Svoboda, Daniel"]
[Black "Pavlicek, Petr"]
[Result "0-1"]
[WhiteElo "1922"]
[BlackElo "1904"]
[WhiteFideId "23718684"]
[BlackFideId "325163"]
[PlyCount "0"]
[EventDate "2024.06.29"]

1. e4 c5 2. Nf3 d6 3. d4 cxd4 4. Nxd4 Nf6 5. Nc3 a6 6. h3 e5 7. Nde2 Be6 8. g4
h6 9. Bg2 Nc6 10. O-O Be7 11. Be3 Rc8 12. Nd5 Bxd5 13. exd5 Na5 14. Ng3 Nc4
15. Bc1 b5 16. Nf5 Bf8 17. b3 Nb6 18. f4 g6 19. Ng3 Bg7 20. Ba3 Nbd7 21. Kh1 Qc7
22. g5 hxg5 23. fxg5 Nh5 24. Nxh5 Rxh5 25. Qf3 Nc5 26. Bxc5 dxc5 27. d6 Qd7
28. Qb7 Rxh3+ 29. Kg1 Qxb7 30. Bxb7 Rd8 31. d7+ Ke7 32. Bxa6 Rxd7 33. Bc8 Rg3+
34. Kh2 Rd8 35. Kxg3 Rxc8 36. Rad1 Ke6 37. Rh1 f5 38. gxf6 Bxf6 39. Rh6 Kf5
40. Rf1+ Kg5 41. Rh4 Rf8 42. Rfh1 Kf5 43. Rh7 Bg5 44. Rc7 Bf4+ 45. Kf2 Ke4
46. Ke2 Ra8 47. Ra1 Be3 48. a4 Bd4 49. Ra2 Rf8 50. axb5 Rf2+ 51. Ke1 Ke3 52. c3
Bxc3+ 53. Kd1 Rxa2 54. b6 Ba5 55. Rxc5 Bxb6 56. Rxe5+ Kd3 0-1

[Event "POHÁR města Říčany 2024"]
[Site "Městské kulturní středisko U labutě"]
[Date "2024.07.06"]
[Round "9.17"]
[White "Hosova, Sandra"]
[Black "Skala, Jaromir"]
[Result "1/2-1/2"]
[WhiteElo "1808"]
[BlackElo "1914"]
[WhiteFideId "397717"]
[BlackFideId "325805"]
[PlyCount "0"]
[EventDate "2024.06.29"]

1. d4 Nf6 2. c4 g6 3. h4 d6 4. Nc3 Nbd7 5. e4 e5 6. d5 a5 7. Be2 Nc5 8. f3 Nh5
9. g4 Nf4 10. Bxf4 exf4 11. Qd2 Be7 12. Qxf4 Bxh4+ 13. Kd1 Bg5 14. Qg3 Qf6
15. Kc2 Bf4 16. Qf2 Be5 17. Nh3 Bd7 18. f4 Bd4 19. Qg3 Bxc3 20. bxc3 Nxe4
21. Qe3 Qe7 22. Qd4 Ba4+ 23. Kb2 O-O-O 24. Rae1 Nc5 25. Bd1 Qd7 26. Bxa4 Qxa4
27. Ng5 Qd7 28. Nxh7 Qxg4 29. Rhg1 Qf3 30. Ng5 Rh2+ 31. Ka3 1/2-1/2

[Event "POHÁR města Říčany 2024"]
[Site "Městské kulturní středisko U labutě"]
[Date "2024.07.06"]
[Round "9.18"]
[White "Madle, Robin"]
[Black "Voracek, Zdenek"]
[Result "0-1"]
[WhiteElo "1889"]
[BlackElo "1914"]
[WhiteFideId "393886"]
[BlackFideId "331880"]
[PlyCount "0"]
[EventDate "2024.06.29"]

1. b3 d5 2. Bb2 c5 3. e3 Nd7 4. f4 Ngf6 5. Nf3 b6 6. Bb5 Bb7 7. O-O a6 8. Bxd7+
Nxd7 9. d3 Qc7 10. a4 f6 11. Nbd2 e6 12. Qe2 Bd6 13. c3 O-O 14. c4 Rae8 15. Qf2
e5 16. cxd5 Bxd5 17. e4 Bf7 18. f5 c4 19. bxc4 Bc5 20. d4 exd4 21. Bxd4 Bxd4
22. Qxd4 Rd8 23. Qc3 Nc5 24. e5 fxe5 25. Rae1 Nxa4 26. Qe3 Qc5 27. Qxc5 Nxc5
28. Rxe5 Rfe8 29. Rxe8+ Bxe8 30. Rb1 b5 31. cxb5 Bxb5 32. Rc1 Rd5 33. Nc4 Bxc4
34. Rxc4 Rxf5 35. Kf2 Kf8 36. Ke3 Rd5 37. Nd4 Ke7 38. Ne2 Rd3+ 39. Kf2 Kd6
40. Nf4 Rb3 41. Nh5 g6 42. Nf6 h5 43. h4 a5 44. Rd4+ Kc6 45. g4 Rb8 46. Nd5 Rb2+
47. Ke3 Rb3+ 48. Ke2 a4 49. gxh5 gxh5 50. Nb4+ Kb5 51. Nc2 Rc3 52. Kd2 Rh3
53. Rb4+ Ka5 54. Rf4 a3 55. Nxa3 Rxa3 56. Rf5 Kb4 57. Rxh5 Ne4+ 58. Ke1 Ra1+ 0-1

[Event "POHÁR města Říčany 2024"]
[Site "Městské kulturní středisko U labutě"]
[Date "2024.07.06"]
[Round "9.19"]
[White "Jirousek, Tadeas"]
[Black "Steiner, Juraj"]
[Result "0-1"]
[WhiteElo "1831"]
[BlackElo "1912"]
[WhiteFideId "382353"]
[BlackFideId "367516"]
[PlyCount "0"]
[EventDate "2024.06.29"]

1. d4 Nf6 2. Nf3 d6 3. Bf4 b6 4. e3 Bb7 5. Bd3 Nbd7 6. Nbd2 Nh5 7. Bg5 h6
8. Bh4 g5 9. Bg3 Bg7 10. c3 e6 11. e4 Nxg3 12. hxg3 c5 13. dxc5 Nxc5 14. Bb5+
Ke7 15. Qc2 Qc7 16. O-O a6 17. Be2 Rac8 18. Rfe1 Rhd8 19. Rad1 d5 20. exd5 Bxd5
21. b4 Nb7 22. Bxa6 Qxc3 23. Qh7 Kf8 24. Ne4 Qc2 25. Rxd5 exd5 26. Bxb7 Rc7
27. Bxd5 Rxd5 28. Nf6 Bxf6 29. Qxh6+ Bg7 30. Qxb6 g4 31. Qe3 Qc6 32. Ng5 Bd4
33. Qf4 Qd7 34. Ne6+ Qxe6 35. Rxe6 Rc2 36. Qh6+ Bg7 37. Qh7 Rc1+ 38. Kh2 Rd7
39. Re8+ Kxe8 0-1

[Event "POHÁR města Říčany 2024"]
[Site "Městské kulturní středisko U labutě"]
[Date "2024.07.06"]
[Round "9.20"]
[White "Horyna, Josef"]
[Black "Hronik, Petr"]
[Result "1/2-1/2"]
[WhiteElo "1805"]
[BlackElo "1907"]
[WhiteFideId "316369"]
[BlackFideId "336700"]
[PlyCount "0"]
[EventDate "2024.06.29"]

1. d4 d5 2. Nf3 Nf6 3. Bf4 Bf5 4. e3 c6 5. c3 e6 6. Nbd2 h6 7. Be2 Nbd7 8. Ne5
Nxe5 9. Bxe5 Bd6 10. Bg3 Ne4 11. Nxe4 Bxe4 12. Bxd6 Qxd6 1/2-1/2

[Event "POHÁR města Říčany 2024"]
[Site "Městské kulturní středisko U labutě"]
[Date "2024.07.06"]
[Round "9.21"]
[White "Cabela, Filip"]
[Black "Artamonov, Mikhail"]
[Result "1-0"]
[WhiteElo "1903"]
[BlackElo "1800"]
[WhiteFideId "23753552"]
[BlackFideId "23732946"]
[PlyCount "0"]
[EventDate "2024.06.29"]

1. e4 e6 2. d4 d5 3. e5 c5 4. c3 Nc6 5. Nf3 Qb6 6. Bd3 cxd4 7. cxd4 Bd7 8. O-O
Nxd4 9. Nbd2 Bc5 10. b4 Nxf3+ 11. Nxf3 Qxb4 12. Rb1 Qa4 13. Qxa4 Bxa4 14. Rxb7
Ne7 15. Bb2 O-O 16. Rc1 Rac8 17. Rxc5 Rxc5 18. Rxe7 Rb8 19. Rxa7 g6 20. Ba3 Rc3
21. Rxa4 Rxd3 22. h4 h6 23. Be7 Rd1+ 24. Kh2 Rc1 25. Ra7 Rc4 26. a4 d4 27. a5
Ra4 28. Rd7 Rxa5 29. Rxd4 Rd5 30. Ra4 Rd7 31. Bf6 Rc7 32. Ra3 Rd7 33. Kg3 Rc8
34. Rb3 Kf8 35. Nh2 Kg8 36. Ng4 h5 37. Ne3 Rdc7 38. Rd3 Kf8 39. Kf4 Rb7 40. f3
Kg8 41. Nd1 Rb4+ 42. Kg5 Rbc4 43. Nf2 Rc2 44. Ne4 Kh7 45. g3 R2c7 46. Bd8 Rb7
47. Kf6 Kg8 48. Ba5 Ra8 49. Bd2 Rc7 50. Bh6 Rac8 51. Rd4 Rb8 52. Ng5 Rcb7
53. Rd6 Re8 54. Ne4 Rc7 55. Rd4 Kh7 56. Bd2 Kg8 57. g4 hxg4 58. fxg4 Ra7 59. Nd6
Rd8 60. h5 gxh5 61. gxh5 Rdd7 62. Rg4+ Kh7 63. Rg7+ Kh8 64. Nxf7+ 1-0

[Event "POHÁR města Říčany 2024"]
[Site "Městské kulturní středisko U labutě"]
[Date "2024.07.06"]
[Round "9.22"]
[White "Sedlak, Milan"]
[Black "Kubicek, Daniel"]
[Result "1-0"]
[WhiteElo "1953"]
[BlackElo "1791"]
[WhiteFideId "23746149"]
[BlackFideId "23718838"]
[PlyCount "0"]
[EventDate "2024.06.29"]

1. Nf3 Nc6 2. d4 e6 3. Bf4 f5 4. d5 exd5 5. Qxd5 d6 6. e3 Nf6 7. Qb3 Qe7 8. Nc3
Bd7 9. Nb5 O-O-O 10. O-O-O Be6 11. Qa3 a6 12. Nbd4 Nxd4 13. Nxd4 c5 14. Nxe6
Qxe6 15. Be2 Ne4 16. Rhf1 g5 17. f3 gxf4 18. fxe4 fxe4 19. Rxf4 Qe5 20. Rdf1 Be7
21. g3 Rdf8 22. Bg4+ Kb8 23. Qb3 Rxf4 24. gxf4 Qg7 25. h3 Kc7 26. Rd1 Re8
27. Qa4 Rd8 28. Qxe4 Bf6 29. c3 b5 30. Bf3 1-0

[Event "POHÁR města Říčany 2024"]
[Site "Městské kulturní středisko U labutě"]
[Date "2024.07.06"]
[Round "9.23"]
[White "Cervenka, Petr"]
[Black "Hampel, Rudolf"]
[Result "0-1"]
[WhiteElo "1874"]
[BlackElo "1765"]
[WhiteFideId "312444"]
[BlackFideId "323853"]
[PlyCount "0"]
[EventDate "2024.06.29"]

1. e4 c5 2. Nc3 Nc6 3. g3 e6 4. Bg2 g6 5. f4 Nge7 6. Nf3 Bg7 7. d3 O-O 8. Be3
b6 9. e5 Bb7 10. Ne4 Nf5 11. Bf2 d5 12. Ned2 f6 13. g4 Nh6 14. g5 fxg5 15. Nxg5
Qe7 16. Bg3 Nf5 17. Bh3 h6 18. Nxe6 Qxe6 19. Qg4 Qf7 20. Bf2 Nfd4 21. O-O-O Bc8
22. Qg2 {pro necitelnost ukonceno} 0-1

[Event "POHÁR města Říčany 2024"]
[Site "Městské kulturní středisko U labutě"]
[Date "2024.07.06"]
[Round "9.24"]
[White "Kalvach, Ladislav"]
[Black "Rous, Dominik"]
[Result "1/2-1/2"]
[WhiteElo "1873"]
[BlackElo "1719"]
[WhiteFideId "317284"]
[BlackFideId "375993"]
[PlyCount "0"]
[EventDate "2024.06.29"]

1. Nf3 d5 2. e3 c5 3. d4 Nf6 4. c4 e6 5. Nc3 Nc6 6. cxd5 exd5 7. Bb5 a6
8. Bxc6+ bxc6 9. Ne5 Qc7 10. Qa4 Bd7 11. Bd2 Bd6 12. f4 cxd4 13. exd4 c5
14. Nxd7 Qxd7 15. Qxd7+ Kxd7 16. dxc5 Bxc5 17. O-O-O Bd6 18. Rhe1 Rhe8 19. Kb1
Rxe1 20. Rxe1 Re8 21. Rxe8 Kxe8 22. Kc2 Kd7 23. Kd3 Bb4 24. Nb1 Bxd2 25. Nxd2
Kd6 26. Kd4 Ne8 27. g4 Nc7 28. f5 Nb5+ 29. Kd3 h5 30. h3 Ke5 31. Nf3+ Kf6 32. a4
Nd6 33. b4 hxg4 34. hxg4 g6 35. fxg6 fxg6 36. Nd4 Nc4 37. b5 axb5 38. axb5 Ke5
39. Kc3 Nd6 40. Nc6+ 1/2-1/2

[Event "POHÁR města Říčany 2024"]
[Site "Městské kulturní středisko U labutě"]
[Date "2024.07.06"]
[Round "9.25"]
[White "Lizner, Milan"]
[Black "Zabehlicky, Jiri"]
[Result "*"]
[WhiteElo "1847"]
[BlackElo "1653"]
[WhiteFideId "324256"]
[BlackFideId "339059"]
[PlyCount "0"]
[EventDate "2024.06.29"]

1. e4 e5 2. Nf3 Nc6 3. c3 Nf6 4. d4 exd4 5. e5 Ne4 6. Qe2 Nc5 7. cxd4 Na6
8. Nc3 Bb4 9. Qe4 O-O 10. Bd3 b6 11. O-O Bxc3 12. bxc3 d5 13. Qe2 Nab8 14. Bg5
Ne7 15. c4 Be6 16. cxd5 Bxd5 17. Bc4 Qd7 18. Bxe7 Bxc4 19. Qxc4 Qxe7 20. d5 Qa3
21. Rfe1 {pro necitelnost ukonceno} *

[Event "POHÁR města Říčany 2024"]
[Site "Městské kulturní středisko U labutě"]
[Date "2024.07.06"]
[Round "9.27"]
[White "Lavrincik, Pavel"]
[Black "Rubin, Andrej"]
[Result "0-1"]
[WhiteElo "1812"]
[BlackElo "1853"]
[WhiteFideId "320188"]
[BlackFideId "23751738"]
[PlyCount "0"]
[EventDate "2024.06.29"]

1. c4 Nf6 2. Nc3 e6 3. e4 d5 4. cxd5 exd5 5. e5 d4 6. exf6 dxc3 7. bxc3 Qxf6
8. d4 c5 9. Nf3 Bg4 10. Bg5 Bxf3 11. Qxf3 Qxg5 12. Qxb7 Qe7+ 0-1

[Event "POHÁR města Říčany 2024"]
[Site "Městské kulturní středisko U labutě"]
[Date "2024.07.06"]
[Round "9.28"]
[White "Glasberger, Roman"]
[Black "Gernert, Tomas"]
[Result "0-1"]
[WhiteElo "1698"]
[BlackElo "1745"]
[WhiteFideId "398799"]
[BlackFideId "23750219"]
[PlyCount "0"]
[EventDate "2024.06.29"]

1. d4 Nf6 2. Nf3 d5 3. g3 Bf5 4. Bg2 e6 5. c4 c6 6. cxd5 exd5 7. O-O Bd6 8. Nc3
Nbd7 9. Bd2 Ne4 10. Nh4 Nxc3 11. Bxc3 Bg6 12. Re1 Nf6 13. f3 O-O 14. Nxg6 hxg6
15. e4 Bc7 16. Rc1 Re8 17. Kh1 Kh7 18. Qc2 Rh8 19. e5 Nd7 20. e6 fxe6 21. Rxe6
Nf8 22. Re2 Kg8 23. f4 g5 24. Bd2 gxf4 25. Bxf4 Bxf4 26. gxf4 Qh4 27. Bf1 Qxf4
28. Qd3 Qxc1 29. Re7 Qf4 30. h3 Ng6 31. Rxb7 Qe4+ 0-1

[Event "POHÁR města Říčany 2024"]
[Site "Městské kulturní středisko U labutě"]
[Date "2024.07.06"]
[Round "9.29"]
[White "Jankovsky, Zbynek"]
[Black "Kuhnmund, Ivan"]
[Result "0-1"]
[WhiteElo "1739"]
[BlackElo "1791"]
[WhiteFideId "23700521"]
[BlackFideId "393983"]
[PlyCount "0"]
[EventDate "2024.06.29"]

1. b4 Nf6 2. Bb2 g6 3. e3 Bg7 4. b5 a6 5. Nc3 O-O 6. d4 axb5 7. Bxb5 d5 8. h3
c6 9. Bd3 Nbd7 10. Nf3 Re8 11. O-O e5 12. dxe5 Nxe5 13. Nxe5 Rxe5 14. Ne2 Re8
15. Ng3 c5 16. c4 dxc4 17. Bxc4 Qxd1 18. Rfxd1 Be6 19. Bb5 Rec8 20. Rd2 c4
21. Rc2 Nd5 22. Bxg7 Nb4 23. Rb2 Nd3 24. Bc3 Nxb2 25. Bxb2 c3 26. Bc1 Rxa2
27. Rxa2 Bxa2 28. Ne4 f5 29. Nd6 Rc5 30. Ba3 c2 31. Bc1 Rd5 32. Be2 Rxd6 33. f4
0-1

[Event "POHÁR města Říčany 2024"]
[Site "Městské kulturní středisko U labutě"]
[Date "2024.07.06"]
[Round "9.30"]
[White "Soukup, Alexandr"]
[Black "Pesek, Jan Antonin"]
[Result "0-1"]
[WhiteElo "1527"]
[BlackElo "1635"]
[WhiteFideId "23763469"]
[BlackFideId "23745010"]
[PlyCount "0"]
[EventDate "2024.06.29"]

1. b3 e5 2. Bb2 Nc6 3. e3 a6 4. d4 exd4 5. exd4 d5 6. Nf3 Bd6 7. Bd3 Nf6 8. h3
Be6 9. Ba3 Bxa3 10. Nxa3 Qe7 11. Nb1 Bxh3+ 12. Qe2 Bxg2 13. Rg1 Bxf3 14. Qxe7+
Kxe7 15. Nd2 Bh5 16. Rxg7 Bg6 0-1